000 00582nam a2200229Ia 4500
005 20250425162532.0
008 250425s9999 xx 000 0 und d
020 _a9789295044357
041 _aspa
082 _a658.4
100 _aSCHWAB, KLAUS
245 0 _aTHE GLOBAL COMPETITIVINESS REPORT 2012-2013
250 _a1A ED.
260 _aEstados Unidos
_bWORLD ECONOMIC FORUM
_c2012
260 _aGENEVA
_bWORLD ECONOMIC FORUM
300 _a527
650 _aCOMPETITIVIDAD
650 _aREPORTES
710 _aWORLD ECONOMIC FORUM
942 _c01
010 _a83126
999 _c231210
_d231210